[Event "Titled Tue 9th Apr Late"]
[Site "chess.com INT"]
[Date "2024.04.09"]
[Round "9"]
[White "Bok, B."]
[Black "Tari, A."]
[Result "1/2-1/2"]
[WhiteElo "2620"]
[BlackElo "2634"]
[PlyCount "114"]
[EventDate "2024.04.09"]

1. d4 d5 2. c4 e6 3. Nc3 c5 4. e3 Nf6 5. Nf3 Nc6 6. a3 dxc4 7. Bxc4 a6 8. O-O b5 9. Ba2 Bb7 10. Qe2 cxd4 11. Rd1 b4 12. exd4 bxc3 13. d5 Nxd5 14. Rxd5 Qc7 15. Rd3 Be7 16. Rxc3 O-O 17. Be3 Bf6 $146 ({RR} 17... Rac8 18. Rac1 Qb8 19. Bb1 Bf6 20. Rc5 Ne7 21. b4 g6 22. Bd3 Qa8 23. h3 Nd5 24. Bh6 Rxc5 25. Rxc5 Rc8 26. Ne5 Rxc5 27. bxc5 Qc8 28. c6 Bxc6 29. Nxc6 Qxc6 30. Bxa6 g5 31. Bd3 Nf4 32. Qe4 {Dubov,D (2720)-Vidit,S (2727) Berlin 2022 ½-½ (42)}) ({RR} 17... Rac8 18. Rac1 Qb8 19. Bb1 Bf6 20. Rc5 Ne7 21. b4 g6 22. Bd3 Qa8 23. h3 Nd5 24. Bh6 Rxc5 25. Rxc5 Rc8 26. Ne5 Rxc5 27. bxc5 Qc8 28. c6 Bxc6 29. Nxc6 Qxc6 30. Bxa6 g5 31. Bd3 Nf4 32. Qe4 {Dubov,D (2720)-Vidit,S (2727) Berlin 2022 ½-½ (42)}) 18. Rc4 a5 19. Qc2 Rfc8 20. Rc1 Qd8 21. h4 h6 22. Bb1 Ne7 23. Qh7+ Kf8 24. Qh8+ Ng8 25. Bh7 Ke7 26. Rxc8 Rxc8 27. Rxc8 Qxc8 28. Qxg8 Qxg8 29. Bxg8 Bxb2 30. Bc5+ Kf6 31. h5 g6 32. hxg6 Kxg6 33. Bf8 Bxf3 34. gxf3 Bg7 35. Bc5 Bb2 36. Bf8 Bg7 37. Bd6 Bb2 38. a4 Kg7 39. Bxf7 Kxf7 40. Kh2 Kg6 41. Bc7 Bc3 42. Kg3 Kf5 43. Kh4 Kg6 44. Kg4 h5+ 45. Kf4 Kf6 46. Ke4 h4 47. f4 h3 48. Kf3 Kf5 49. Kg3 e5 50. Kxh3 exf4 51. Kg2 Ke4 52. f3+ Ke3 53. Bb6+ Ke2 54. Bc7 Ke3 55. Bb6+ Ke2 56. Bc7 Bd2 57. Bb6 Bc3 1/2-1/2

[Event "FIDE Grand Swiss 2023"]
[Site "Douglas IOM"]
[Date "2023.10.27"]
[Round "3.25"]
[White "Keymer, Vincent"]
[Black "Idani, P."]
[Result "1-0"]
[WhiteElo "2717"]
[BlackElo "2633"]
[PlyCount "75"]
[EventDate "2023.10.25"]

1. c4 e6 2. Nc3 d5 3. d4 c5 4. cxd5 exd5 5. Nf3 Nf6 6. e3 a6 7. Bd3 Nc6 8. O-O Bg4 ({RR} 8... Be6 9. dxc5 Bxc5 10. b3 O-O 11. Bb2 Qe7 12. Ne2 Ba3 13. Bxa3 Qxa3 14. Qc1 Qxc1 15. Raxc1 Bg4 16. Ned4 Nxd4 17. Nxd4 Rfc8 18. f3 Rxc1 19. Rxc1 Rc8 20. Rxc8+ Bxc8 21. b4 Ne8 22. a4 Kf8 23. h4 {Caruana,F (2766)-Carlsen,M (2859) chess.com INT 2022 0-1 (55)}) ({RR} 8... Be7 9. h3 O-O 10. b3 b6 11. Bb2 Bb7 12. dxc5 bxc5 13. Na4 Nb4 14. Bb1 a5 15. a3 Na6 16. Ra2 Rc8 17. Bc3 Qc7 18. Bf5 Ra8 19. Qd2 Nb8 20. Rc1 Ne4 21. Bxe4 dxe4 22. Ne5 Rd8 23. Qb2 {Ootes,L (2363)-Aravindhan,A (2213) Aalsmeer NED 2026 1-0 (58)}) ({RR} 8... Be6 9. dxc5 Bxc5 10. b3 O-O 11. Bb2 Qe7 12. Ne2 Ba3 13. Bxa3 Qxa3 14. Qc1 Qxc1 15. Raxc1 Bg4 16. Ned4 Nxd4 17. Nxd4 Rfc8 18. f3 Rxc1 19. Rxc1 Rc8 20. Rxc8+ Bxc8 21. b4 Ne8 22. a4 Kf8 23. h4 {Caruana,F (2766)-Carlsen,M (2859) chess.com INT 2022 0-1 (55)}) ({RR} 8... Be7 9. h3 O-O 10. b3 b6 11. Bb2 Bb7 12. dxc5 bxc5 13. Na4 Nb4 14. Bb1 a5 15. a3 Na6 16. Ra2 Rc8 17. Bc3 Qc7 18. Bf5 Ra8 19. Qd2 Nb8 20. Rc1 Ne4 21. Bxe4 dxe4 22. Ne5 Rd8 23. Qb2 {Ootes,L (2363)-Aravindhan,A (2213) Aalsmeer NED 2026 1-0 (58)}) 9. h3 Bh5 10. Be2 c4 $146 ({RR} 10... Bd6 11. dxc5 Bxc5 12. Nd4 Bg6 13. b3 Bxd4 14. exd4 O-O 15. Bf3 Rc8 16. Bg5 Nb4 17. Bxf6 gxf6 18. Rc1 Nd3 19. Rc2 Nf4 20. Rc1 Qa5 21. Qd2 Nd3 22. Rc2 Nb4 23. Rcc1 Nd3 24. Rc2 Rfd8 25. Nxd5 {Kanyamarala,T (2344)-Vdovin,V (2302) chess.com INT 2023 1-0 (38)}) ({RR} 10... Bd6 11. dxc5 Bxc5 12. Nd4 Bg6 13. b3 Bxd4 14. exd4 O-O 15. Bf3 Rc8 16. Bg5 Nb4 17. Bxf6 gxf6 18. Rc1 Nd3 19. Rc2 Nf4 20. Rc1 Qa5 21. Qd2 Nd3 22. Rc2 Nb4 23. Rcc1 Nd3 24. Rc2 Rfd8 25. Nxd5 {Kanyamarala,T (2344)-Vdovin,V (2302) chess.com INT 2023 1-0 (38)}) 11. Ne5 Bxe2 12. Qxe2 Bb4 13. Nxc6 bxc6 14. Bd2 O-O 15. b3 cxb3 16. axb3 Bxc3 17. Bxc3 Qb6 18. Qc2 Rfc8 19. Rfc1 Ne4 20. Be1 h6 21. Ra5 Rab8 22. b4 Ra8 23. Qa4 Nd6 24. Ra1 Nb5 25. Rxa6 Rxa6 26. Qxa6 Qc7 27. Qa2 Qd7 28. Qc2 Re8 29. Ra6 Nxd4 30. Qc5 Qc8 31. b5 Re4 32. Kf1 Qb8 33. b6 Qh2 34. Ra8+ Kh7 35. Qxd4 Qh1+ 36. Ke2 Rxd4 37. exd4 Qxg2 38. Re8 1-0

[Event "AI Cup Div 3 W"]
[Site "chess.com INT"]
[Date "2023.09.25"]
[Round "1.1"]
[White "Esipenko, Andrey"]
[Black "Chigaev, M."]
[Result "1-0"]
[WhiteElo "2683"]
[BlackElo "2615"]
[PlyCount "41"]
[EventDate "2023.09.25"]
[EventType "k.o."]

1. g3 d5 2. Nf3 Nf6 3. Bg2 e6 4. O-O Be7 5. c4 O-O 6. d3 c5 7. d4 Nc6 8. cxd5 exd5 9. Nc3 h6 10. Bf4 Be6 ({RR} 10... Ne4 11. dxc5 Nxc3 12. bxc3 Bxc5 13. Rb1 Bb6 14. Qd3 Qf6 15. Qxd5 Bf5 16. Rbc1 Rad8 17. Qb5 Rfe8 18. h4 Na5 19. Nd4 Bd7 20. Qd3 Bc6 21. Rfd1 Bxg2 22. Kxg2 Rd7 23. Qf3 Bxd4 24. cxd4 Rxd4 25. Rxd4 {Le,Q (2731)-Casiguran,P (2282) Hong Kong HKG 2026 1-0}) ({RR} 10... Ne4 11. dxc5 Nxc3 12. bxc3 Bxc5 13. Rb1 Bb6 14. Qd3 Qf6 15. Qxd5 Bf5 16. Rbc1 Rad8 17. Qb5 Rfe8 18. h4 Na5 19. Nd4 Bd7 20. Qd3 Bc6 21. Rfd1 Bxg2 22. Kxg2 Rd7 23. Qf3 Bxd4 24. cxd4 Rxd4 25. Rxd4 {Le,Q (2731)-Casiguran,P (2282) Hong Kong HKG 2026 1-0}) 11. Rc1 c4 12. Ne5 Qb6 13. b3 $146 ({RR} 13. Na4 Qb5 14. b3 Rfd8 15. bxc4 dxc4 16. Nc3 Qa6 17. Nxc6 bxc6 18. e3 Nd5 19. Qe2 g5 20. Be5 f6 21. Qh5 Kg7 22. f4 fxe5 23. fxg5 Bxg5 24. Be4 Ne7 25. dxe5 Rf8 26. Kg2 Qa5 27. h4 Qxe5 {Naroditsky,D (2619)-Ashraf,A (2407) chess.com INT 2025 0-1 (59)}) ({RR} 13. Na4 Qb5 14. b3 Rfd8 15. bxc4 dxc4 16. Nc3 Qa6 17. Nxc6 bxc6 18. e3 Nd5 19. Qe2 g5 20. Be5 f6 21. Qh5 Kg7 22. f4 fxe5 23. fxg5 Bxg5 24. Be4 Ne7 25. dxe5 Rf8 26. Kg2 Qa5 27. h4 Qxe5 {Naroditsky,D (2619)-Ashraf,A (2407) chess.com INT 2025 0-1 (59)}) 13... Ba3 14. Rb1 Bf5 15. e4 Nxe4 16. Nxe4 dxe4 17. Nxc4 Qa6 18. d5 Rfd8 19. d6 Bc5 20. Qd5 Qb5 21. Be3 1-0

[Event "FIDE World Bl Team Final"]
[Site "Almaty KAZ"]
[Date "2024.08.05"]
[Round "2.2"]
[White "Svidler, P."]
[Black "Sarana, A."]
[Result "0-1"]
[WhiteElo "2698"]
[BlackElo "2717"]
[PlyCount "116"]
[EventDate "2024.08.05"]
[WhiteTeam "Kazchess"]
[BlackTeam "Chessy"]

1. c4 e6 2. g3 Nf6 3. Bg2 d5 4. Nf3 Be7 5. O-O O-O 6. d3 c5 7. cxd5 exd5 8. d4 Nc6 9. Nc3 ({RR} 9. dxc5 Bxc5 10. Bg5 h6 11. Bxf6 Qxf6 12. Nc3 Be6 13. Nxd5 Qxb2 14. Nc7 Rad8 15. Qc1 Qxc1 16. Rfxc1 Bb6 17. Nxe6 fxe6 18. Rab1 g5 19. Rc4 Kg7 20. e3 Rf5 21. Re4 Kf6 22. h4 Rd3 23. hxg5+ hxg5 {Svidler,P (2682)-Fedoseev,V (2717) Jerusalem ISR 2025 1-0 (35)}) ({RR} 9. dxc5 Bxc5 10. Bg5 h6 11. Bxf6 Qxf6 12. Nc3 Be6 13. Nxd5 Qxb2 14. Nc7 Rad8 15. Qc1 Qxc1 16. Rfxc1 Bb6 17. Nxe6 fxe6 18. Rab1 g5 19. Rc4 Kg7 20. e3 Rf5 21. Re4 Kf6 22. h4 Rd3 23. hxg5+ hxg5 {Svidler,P (2682)-Fedoseev,V (2717) Jerusalem ISR 2025 1-0 (35)}) 9... Bg4 ({RR} 9... h6 10. dxc5 Bxc5 11. Na4 Be7 12. Be3 Re8 13. Rc1 Bf8 14. Bc5 Bxc5 15. Nxc5 Qb6 16. Na4 Qa6 17. Nc3 Bg4 18. Nd4 Rad8 19. Re1 Ne4 20. Nxc6 bxc6 21. Qa4 Qb6 22. Nxe4 dxe4 23. Qxc6 Qxb2 24. Qc2 {Giri,A (2771)-Aronian,L (2793) Leuven 2017 ½-½ (61)}) ({RR} 9... h6 10. dxc5 Bxc5 11. Na4 Be7 12. Be3 Re8 13. Rc1 Bf8 14. Bc5 Bxc5 15. Nxc5 Qb6 16. Na4 Qa6 17. Nc3 Bg4 18. Nd4 Rad8 19. Re1 Ne4 20. Nxc6 bxc6 21. Qa4 Qb6 22. Nxe4 dxe4 23. Qxc6 Qxb2 24. Qc2 {Giri,A (2771)-Aronian,L (2793) Leuven 2017 ½-½ (61)}) 10. dxc5 Bxc5 11. h3 $146 ({RR} 11. Bg5 d4 12. Ne4 Be7 13. Bxf6 Bxf6 14. Qb3 Re8 15. h3 Rxe4 16. hxg4 Na5 17. Qb5 a6 18. Qf5 Re6 19. g5 g6 20. Qf4 Bg7 21. Rad1 Nc6 22. e3 Rd6 23. Rd2 d3 24. Rfd1 Qe7 25. Rxd3 Rxd3 {Ivanov,M (2356)-Luberanski,J (2278) Marianske Lazne CZE 2024 1-0 (49)}) ({RR} 11. Bg5 d4 12. Bxf6 Qxf6 13. Ne4 Qe7 14. Nxc5 Qxc5 15. Rc1 Qb6 16. Qd2 Rfe8 17. h3 Be6 18. b3 Rad8 19. Rfd1 h6 20. Qb2 Bf5 21. Rd2 d3 22. e3 Rd6 23. Rc3 g5 24. Qc1 Qd8 25. Ne1 Qd7 {Garnier,R (2230)-Medeiros,T (1918) Florianopolis BRA 2026 1-0 (34)}) ({RR} 11. Bg5 d4 12. Ne4 Be7 13. Bxf6 Bxf6 14. Qb3 Re8 15. h3 Rxe4 16. hxg4 Na5 17. Qb5 a6 18. Qf5 Re6 19. g5 g6 20. Qf4 Bg7 21. Rad1 Nc6 22. e3 Rd6 23. Rd2 d3 24. Rfd1 Qe7 25. Rxd3 Rxd3 {Ivanov,M (2356)-Luberanski,J (2278) Marianske Lazne CZE 2024 1-0 (49)}) ({RR} 11. Bg5 d4 12. Bxf6 Qxf6 13. Ne4 Qe7 14. Nxc5 Qxc5 15. Rc1 Qb6 16. Qd2 Rfe8 17. h3 Be6 18. b3 Rad8 19. Rfd1 h6 20. Qb2 Bf5 21. Rd2 d3 22. e3 Rd6 23. Rc3 g5 24. Qc1 Qd8 25. Ne1 Qd7 {Garnier,R (2230)-Medeiros,T (1918) Florianopolis BRA 2026 1-0 (34)}) 11... Bh5 12. Bg5 d4 13. Bxf6 Qxf6 14. Nd5 Qd8 15. Nf4 Bg6 16. Rc1 Bb6 17. Nh4 Rc8 18. Nhxg6 hxg6 19. Qb3 Qd6 20. h4 Rfe8 21. Bf3 Rc7 22. Kg2 Ne5 23. Be4 Rce7 24. Qd5 Qf6 25. Qb5 Qd6 26. Rc2 Ng4 27. Bf3 Ne5 28. Rfc1 Nxf3 29. exf3 Re5 30. Rc8 Rxb5 31. Rxe8+ Qf8 32. Rcc8 Qxe8 33. Rxe8+ Kh7 34. Nd3 Ra5 35. a3 Rb5 36. b4 a5 37. a4 Rd5 38. b5 Rd7 39. f4 Rc7 40. Kf3 Rc4 41. Re7 Rxa4 42. Rxb7 Bd8 43. Rxf7 Ra3 44. Ke4 Rb3 45. Rb7 a4 46. Nc5 Rb4 47. Ne6 Bf6 48. Ra7 Kh6 49. g4 Bxh4 50. g5+ Kh5 51. f3 Bf2 52. Rxg7 Kh4 53. f5 a3 54. fxg6 a2 55. Ra7 d3+ 56. Kxd3 Bxa7 57. g7 a1=Q 58. g8=Q Qa3+ 0-1

[Event "Titled Tue 30th Jul Late"]
[Site "chess.com INT"]
[Date "2024.07.30"]
[Round "8"]
[White "Xiong, Jeffery"]
[Black "Tari, A."]
[Result "1/2-1/2"]
[WhiteElo "2646"]
[BlackElo "2637"]
[PlyCount "57"]
[EventDate "2024.07.30"]

1. d4 d5 2. c4 e6 3. Nc3 c5 4. e3 Nf6 5. Nf3 Nc6 6. a3 a6 7. dxc5 Bxc5 8. b4 Ba7 9. Ra2 O-O ({RR} 9... dxc4 10. Qxd8+ Kxd8 11. Bxc4 Ke7 12. Rc2 b5 13. Bd3 Bb7 14. Bb2 Rac8 15. Ke2 Nb8 16. Rhc1 Nbd7 17. a4 bxa4 18. Nxa4 Rxc2+ 19. Rxc2 Rc8 20. Rxc8 Bxc8 21. Ne5 Nxe5 22. Bxe5 g6 23. Bc7 Nd5 24. Ba5 {Dardha,D (2627)-Ma Qun (2615) Biel SUI 2025 0-1}) ({RR} 9... dxc4 10. Qxd8+ Kxd8 11. Bxc4 Ke7 12. Rc2 b5 13. Bd3 Bb7 14. Bb2 Rac8 15. Ke2 Nb8 16. Rhc1 Nbd7 17. a4 bxa4 18. Nxa4 Rxc2+ 19. Rxc2 Rc8 20. Rxc8 Bxc8 21. Ne5 Nxe5 22. Bxe5 g6 23. Bc7 Nd5 24. Ba5 {Dardha,D (2627)-Ma Qun (2615) Biel SUI 2025 0-1}) 10. Rd2 Qe7 $146 ({RR} 10... Qc7 11. c5 b6 12. cxb6 Bxb6 13. Bb2 Bb7 14. Na4 Ba7 15. Rc2 Qe7 16. Nc5 Bxc5 17. Bxf6 Qxf6 18. Rxc5 Rfc8 19. Be2 a5 20. b5 Ne5 21. Rxc8+ Rxc8 22. Nxe5 Qxe5 23. O-O Qc3 24. Qa4 Qc2 25. Qg4 {Laplanche,D (2139)-Colin,V (2351) France 2003 0-1 (36)}) ({RR} 10... Qc7 11. cxd5 Nxb4 12. axb4 Qxc3 13. Bb2 Qxb4 14. Bxf6 gxf6 15. Be2 exd5 16. O-O Be6 17. Qa1 Qe7 18. Bd3 Rac8 19. Qb1 h6 20. Nh4 b5 21. Nf5 Bxf5 22. Bxf5 Rc5 23. Rd4 Rc4 24. Rxd5 Rd8 25. Rxd8+ {Korobov,A (2692)-Mamedyarov,S (2768) Doha 2016 1-0 (35)}) ({RR} 10... Qc7 11. c5 b6 12. cxb6 Bxb6 13. Bb2 Bb7 14. Na4 Ba7 15. Rc2 Qe7 16. Nc5 Bxc5 17. Bxf6 Qxf6 18. Rxc5 Rfc8 19. Be2 a5 20. b5 Ne5 21. Rxc8+ Rxc8 22. Nxe5 Qxe5 23. O-O Qc3 24. Qa4 Qc2 25. Qg4 {Laplanche,D (2139)-Colin,V (2351) France 2003 0-1 (36)}) ({RR} 10... Qc7 11. cxd5 Nxb4 12. axb4 Qxc3 13. Bb2 Qxb4 14. Bxf6 gxf6 15. Be2 exd5 16. O-O Be6 17. Qa1 Qe7 18. Bd3 Rac8 19. Qb1 h6 20. Nh4 b5 21. Nf5 Bxf5 22. Bxf5 Rc5 23. Rd4 Rc4 24. Rxd5 Rd8 25. Rxd8+ {Korobov,A (2692)-Mamedyarov,S (2768) Doha 2016 1-0 (35)}) 11. cxd5 exd5 12. Be2 Be6 13. Bb2 Rad8 14. O-O Ne4 15. Nxe4 dxe4 16. Nd4 Nxd4 17. Bxd4 Bxd4 18. Rxd4 Qf6 19. Rxd8 Rxd8 20. Qc2 Qe5 21. Rc1 g6 22. Qc7 Qxc7 23. Rxc7 Rd2 24. Kf1 Ra2 25. Ke1 Ra1+ 26. Kd2 Ra2+ 27. Ke1 Ra1+ 28. Kd2 Ra2+ 29. Ke1 1/2-1/2

[Event "45th Olympiad 2024"]
[Site "Budapest HUN"]
[Date "2024.09.18"]
[Round "7.5"]
[White "Indjic, A."]
[Black "Warmerdam, Max"]
[Result "1-0"]
[WhiteElo "2611"]
[BlackElo "2679"]
[PlyCount "63"]
[EventDate "2024.09.11"]
[WhiteTeam "Serbia"]
[BlackTeam "Netherlands"]
[WhiteTeamCountry "SRB"]
[BlackTeamCountry "NED"]

1. d4 d5 2. c4 e6 3. Nc3 c5 4. e3 Nf6 5. Nf3 a6 6. a3 dxc4 7. Bxc4 b5 8. Ba2 Bb7 9. O-O Nbd7 10. Qe2 Bd6 11. Rd1 Qb8 12. h3 O-O 13. dxc5 Nxc5 14. b4 Ncd7 15. Bb2 Ne5 16. Nxe5 Bxe5 17. Rd3 $146 ({RR} 17. Rac1 Rc8 18. Nb1 Rxc1 19. Rxc1 h6 20. Nc3 Bc6 21. Nd1 Bxb2 22. Nxb2 Qb7 23. f3 Qb6 24. Nd3 a5 25. Nc5 axb4 26. axb4 Bd5 27. Bb1 Bc4 28. Qc2 Rd8 29. Rd1 Kf8 30. Kf2 Ke7 31. Rxd8 Qxd8 {Volke,K (2367)-Zeller,F (2378) Wuerttemberg 2009 0-1 (38)}) ({RR} 17. Rac1 Rc8 18. Nb1 Rxc1 19. Rxc1 h6 20. Nc3 Bc6 21. Nd1 Bxb2 22. Nxb2 Qb7 23. f3 Qb6 24. Nd3 a5 25. Nc5 axb4 26. axb4 Bd5 27. Bb1 Bc4 28. Qc2 Rd8 29. Rd1 Kf8 30. Kf2 Ke7 31. Rxd8 Qxd8 {Volke,K (2367)-Zeller,F (2378) Wuerttemberg 2009 0-1 (38)}) 17... Bc6 18. Rad1 a5 19. Bb1 axb4 20. axb4 Rc8 21. f4 Bc7 22. g4 Bb6 23. g5 Ne4 24. Qg4 Qa7 25. Nxe4 Bxe4 26. Rd7 Bxe3+ 27. Kf1 Qxd7 28. Rxd7 Bxb1 29. Qf3 Ra2 30. Qd1 Raa8 31. Qxb1 Bxf4 32. h4 1-0

[Event "13th World Teams Pool B"]
[Site "Jerusalem ISR"]
[Date "2022.11.21"]
[Round "4.1"]
[White "Onischuk, Al"]
[Black "Nabaty, T."]
[Result "0-1"]
[WhiteElo "2640"]
[BlackElo "2629"]
[PlyCount "115"]
[EventDate "2022.11.20"]
[WhiteTeam "United States"]
[BlackTeam "Israel"]
[WhiteTeamCountry "USA"]
[BlackTeamCountry "ISR"]

1. d4 d5 ({RR} 1... Nf6 2. c4 e6 3. Nf3 d5 4. Nc3 dxc4 5. e3 a6 6. a4 c5 {½-½ (9) Bryakin,M (2447)-Kushagra,M (2408) Pozarevac SRB 2025}) ({RR} 1... Nf6 2. c4 e6 3. Nf3 d5 4. Nc3 dxc4 5. e3 a6 6. a4 c5 {½-½ (9) Bryakin,M (2447)-Kushagra,M (2408) Pozarevac SRB 2025}) 2. c4 e6 3. Nc3 c5 4. e3 dxc4 5. Bxc4 Nf6 6. Nf3 a6 7. a4 Nc6 8. O-O Bd6 9. dxc5 Bxc5 10. Qxd8+ Kxd8 11. e4 h6 12. e5 $146 ({RR} 12. h3 Ke7 13. e5 Nd7 14. Bf4 b6 15. Rad1 Na5 16. Bd3 Bb7 17. Be4 Rhd8 18. Bxb7 Nxb7 19. Rd2 Rac8 20. Ne4 Bb4 21. Rd4 a5 22. Bd2 Bxd2 23. Rxd2 Ndc5 24. Nxc5 Nxc5 25. b3 Ne4 26. Rxd8 Rxd8 {Al Ghasra,A (2157)-Thorhallsson,T (2443) Bled 2002 0-1 (48)}) ({RR} 12. h3 Ke7 13. e5 Nd7 14. Bf4 b6 15. Rad1 Na5 16. Bd3 Bb7 17. Be4 Rhd8 18. Bxb7 Nxb7 19. Rd2 Rac8 20. Ne4 Bb4 21. Rd4 a5 22. Bd2 Bxd2 23. Rxd2 Ndc5 24. Nxc5 Nxc5 25. b3 Ne4 26. Rxd8 Rxd8 {Al Ghasra,A (2157)-Thorhallsson,T (2443) Bled 2002 0-1 (48)}) 12... Nd7 13. Re1 Ke7 14. Bf4 Nb6 15. Bf1 Rd8 16. Rec1 Na5 17. Ne4 Bb4 18. Bd2 Bxd2 19. Nexd2 Nd5 20. Rab1 Nc6 21. Ne4 Bd7 22. Nc5 Rab8 23. Nxd7 Kxd7 24. Bd3 g5 25. h3 Nf4 26. Bf1 Nd5 27. Bd3 Rbc8 28. Be4 Ke7 29. g3 Ndb4 30. Rc4 Rd7 31. Bxc6 Nxc6 32. b4 Na7 33. Rbc1 Kd8 34. Kg2 Rd5 35. Rxc8+ Nxc8 36. Rc3 Ne7 37. Rc4 Nc6 38. Re4 Ke7 39. Rc4 Kd7 40. Re4 b5 41. axb5 Rxb5 42. h4 Rxb4 43. Rxb4 Nxb4 44. hxg5 hxg5 45. Nxg5 a5 46. Ne4 Kc6 47. Kf3 a4 48. Nc3 a3 49. Ke4 a2 50. Nxa2 Nxa2 51. f4 Nc3+ 52. Kd3 Nd5 53. Kd4 Ne7 54. g4 Kb5 55. Ke4 Kc5 56. f5 Kc4 57. Ke3 Kd5 58. Kf4 0-1

[Event "13th World Teams Pool A"]
[Site "Jerusalem ISR"]
[Date "2022.11.22"]
[Round "5.3"]
[White "Ivanchuk, V."]
[Black "Van Foreest, Jorden"]
[Result "0-1"]
[WhiteElo "2673"]
[BlackElo "2690"]
[PlyCount "108"]
[EventDate "2022.11.20"]
[WhiteTeam "Ukraine"]
[BlackTeam "Netherlands"]
[WhiteTeamCountry "UKR"]
[BlackTeamCountry "NED"]

1. d4 d5 2. c4 e6 3. Nc3 c5 4. cxd5 exd5 5. Nf3 Nf6 6. e3 a6 7. b3 Nc6 8. Bb2 Bg4 9. Be2 Bxf3 10. Bxf3 cxd4 11. exd4 Bb4 12. O-O O-O $146 ({RR} 12... Bxc3 13. Qe2+ Qe7 14. Bxc3 Qxe2 15. Bxe2 Kd7 16. Bd3 Rhe8 17. f3 g6 18. g4 Re3 19. Rad1 h5 20. Kf2 Rae8 21. g5 Ng8 22. a4 R3e6 23. b4 Nge7 24. b5 axb5 25. Rb1 b4 26. Bxb4 Nxb4 27. Rxb4 {Ivanchuk,V (2604)-Travadon,L (2433) Eforie Nord ROU 2025 ½-½ (71)}) ({RR} 12... Bxc3 13. Qe2+ Qe7 14. Bxc3 Qxe2 15. Bxe2 Kd7 16. Bd3 Rhe8 17. f3 g6 18. g4 Re3 19. Rad1 h5 20. Kf2 Rae8 21. g5 Ng8 22. a4 R3e6 23. b4 Nge7 24. b5 axb5 25. Rb1 b4 26. Bxb4 Nxb4 27. Rxb4 {Ivanchuk,V (2604)-Travadon,L (2433) Eforie Nord ROU 2025 ½-½ (71)}) 13. Na4 Re8 14. Nc5 b6 15. Nd3 Bd6 16. Rc1 Rc8 17. Re1 Ne4 18. Re2 Qd7 19. Rec2 Nf6 20. g3 g6 21. Bg2 Rc7 22. Qf1 Re7 23. Bh3 Qe8 24. Ne5 Nb8 25. Ba3 Qd8 26. Nd7 Rexd7 27. Bxd6 Rxc2 28. Rxc2 Rxd6 29. Rc8 Qxc8 30. Bxc8 Nc6 31. Qxa6 Nxd4 32. Kg2 Kg7 33. b4 Nc2 34. Qa4 Ne1+ 35. Kf1 Nf3 36. Qd1 Ne5 37. Qd4 Nf3 38. Qf4 Ne4 39. Kg2 Ne1+ 40. Kf1 Nd3 41. Qe3 Ndxf2 42. Qd4+ Kg8 43. a4 Rc6 44. Ba6 Rc1+ 45. Kg2 Ng4 46. Bd3 Rd1 47. a5 Rd2+ 48. Kg1 Nef2 49. Qxd5 Nh3+ 50. Kf1 Ne3+ 51. Ke1 Rd1+ 52. Ke2 Nxd5 53. Kxd1 Nf2+ 54. Kd2 Nxd3 0-1

[Event "ChessKid Cup Play-In"]
[Site "chess.com INT"]
[Date "2023.05.01"]
[Round "6.17"]
[White "Navara, D."]
[Black "Tari, A."]
[Result "0-1"]
[WhiteElo "2676"]
[BlackElo "2640"]
[PlyCount "118"]
[EventDate "2023.05.01"]

1. d4 d5 2. c4 e6 3. Nc3 c5 4. e3 Nf6 5. Nf3 Nc6 6. a3 dxc4 7. Bxc4 a6 8. Bd3 cxd4 9. exd4 Be7 10. O-O O-O 11. Re1 b5 12. Bg5 Bb7 13. Rc1 Rc8 14. Bb1 Re8 15. Qd3 g6 16. Ba2 $146 ({RR} 16. h4 Na5 17. Ne5 Nc4 18. Re2 Nxe5 19. dxe5 Qxd3 20. Bxd3 Nd5 21. Rec2 Bxg5 22. hxg5 Nf4 23. Bf1 Red8 24. Ne2 Nd3 25. Rxc8 Rxc8 26. Rxc8+ Bxc8 27. b4 Nxe5 28. Nd4 Bb7 29. f4 Nd7 30. Kf2 Kf8 {Papasimakopoulos,A (2363)-Kurmangaliyeva,L (2319) chess.com INT 2026 0-1 (50)}) ({RR} 16. h4 Na5 17. Ne5 Nc4 18. Re2 Nxe5 19. dxe5 Qxd3 20. Bxd3 Nd5 21. Rec2 Bxg5 22. hxg5 Nf4 23. Bf1 Red8 24. Ne2 Nd3 25. Rxc8 Rxc8 26. Rxc8+ Bxc8 27. b4 Nxe5 28. Nd4 Bb7 29. f4 Nd7 30. Kf2 Kf8 {Papasimakopoulos,A (2363)-Kurmangaliyeva,L (2319) chess.com INT 2026 0-1 (50)}) 16... Rc7 17. h4 Rd7 18. Rcd1 b4 19. Na4 bxa3 20. bxa3 Qa5 21. Bxf6 Qxa4 22. Rxe6 fxe6 23. Bxe6+ Kf8 24. Bxd7 Bxf6 25. d5 Rd8 26. dxc6 Bxc6 27. Bxc6 Qxd1+ 28. Qxd1 Rxd1+ 29. Kh2 Rd6 30. Be4 Rb6 31. h5 Kg7 32. hxg6 hxg6 33. g3 Rb2 34. Kg2 Be7 35. Bd3 a5 36. a4 Bc5 37. Ne5 Rxf2+ 38. Kh3 Rd2 39. Bb5 Bb4 40. Kg4 Kf6 41. Nd3 Bd6 42. Kf3 Kg5 43. Nf2 Kf5 44. g4+ Ke5 45. Ne4 Rd4 46. Nf2 Rf4+ 47. Kg2 Kd4 48. Bd7 Ke3 49. Nh3 Rb4 50. Ng5 Rb2+ 51. Kf1 Kf4 52. Nh3+ Kg3 53. Ng5 Kf4 54. Nh3+ Ke3 55. Ng5 Rf2+ 56. Kg1 Bc5 57. Kh1 Rd2 58. Ne6 Bb6 59. Bc6 Rd6 0-1

[Event "11th Norway Chess 2023"]
[Site "Stavanger NOR"]
[Date "2023.05.31"]
[Round "2.3"]
[White "Gukesh, D."]
[Black "Nakamura, Hi"]
[Result "0-1"]
[WhiteElo "2732"]
[BlackElo "2775"]
[PlyCount "142"]
[EventDate "2023.05.30"]

1. d4 d5 2. c4 e6 3. Nc3 c5 4. e3 Nf6 5. Nf3 Nc6 6. a3 dxc4 7. Bxc4 a6 8. O-O b5 9. Bd3 Bb7 10. Re1 ({RR} 10. dxc5 Bxc5 11. b4 Bd6 12. Ne4 Nxe4 13. Bxe4 f5 14. Bxc6+ Bxc6 15. Bb2 O-O 16. Be5 Bxf3 17. Qxd6 Qxd6 18. Bxd6 Rfd8 19. Bc5 Be2 20. Rfc1 Rd5 21. a4 Rad8 22. axb5 Bxb5 23. h4 h6 24. Bb6 R8d7 {Kamsky,G (2714)-Ivanchuk,V (2787) Moscow 2007 ½-½ (34)}) ({RR} 10. dxc5 Bxc5 11. b4 Bd6 12. Ne4 Nxe4 13. Bxe4 f5 14. Bxc6+ Bxc6 15. Bb2 O-O 16. Be5 Bxf3 17. Qxd6 Qxd6 18. Bxd6 Rfd8 19. Bc5 Be2 20. Rfc1 Rd5 21. a4 Rad8 22. axb5 Bxb5 23. h4 h6 24. Bb6 R8d7 {Kamsky,G (2714)-Ivanchuk,V (2787) Moscow 2007 ½-½ (34)}) 10... Qc7 $146 ({RR} 10... Be7 11. dxc5 Bxc5 12. b4 Bd6 13. Ne4 Nxe4 14. Bxe4 f5 15. Bd3 Ne5 16. Be2 O-O 17. Bb2 Nc4 18. Bxc4 bxc4 19. Qd4 Qe7 20. Ne5 Rac8 21. Rac1 Bd5 22. Nxc4 Bxh2+ 23. Kh1 Qf7 24. Kxh2 Bxc4 25. Kg1 {Shivika,R (2181)-Singh,S (2280) Budapest 2025 ½-½ (33)}) ({RR} 10... Be7 11. dxc5 Bxc5 12. b4 Bd6 13. Bb2 Ne5 14. Be2 Qb8 15. Nd2 O-O 16. f4 Ng6 17. Bf3 Rd8 18. Qe2 Qa7 19. Bxb7 Qxb7 20. Nb3 Qb6 21. Qf2 Rac8 22. Rad1 Be7 23. h3 Ne8 24. Ne4 f5 25. Nec5 {Zuferi,E (2361)-Diller,D (2217) Karlsruhe GER 2026 ½-½ (47)}) ({RR} 10... Be7 11. dxc5 Bxc5 12. b4 Bd6 13. Ne4 Nxe4 14. Bxe4 f5 15. Bd3 Ne5 16. Be2 O-O 17. Bb2 Nc4 18. Bxc4 bxc4 19. Qd4 Qe7 20. Ne5 Rac8 21. Rac1 Bd5 22. Nxc4 Bxh2+ 23. Kh1 Qf7 24. Kxh2 Bxc4 25. Kg1 {Shivika,R (2181)-Singh,S (2280) Budapest 2025 ½-½ (33)}) ({RR} 10... Be7 11. dxc5 Bxc5 12. b4 Bd6 13. Bb2 Ne5 14. Be2 Qb8 15. Nd2 O-O 16. f4 Ng6 17. Bf3 Rd8 18. Qe2 Qa7 19. Bxb7 Qxb7 20. Nb3 Qb6 21. Qf2 Rac8 22. Rad1 Be7 23. h3 Ne8 24. Ne4 f5 25. Nec5 {Zuferi,E (2361)-Diller,D (2217) Karlsruhe GER 2026 ½-½ (47)}) 11. Qe2 Rd8 12. Rd1 cxd4 13. exd4 Be7 14. a4 b4 15. Ne4 Nxe4 16. Bxe4 O-O 17. Be3 Na5 18. Rac1 Qb8 19. Bb1 Bd5 20. Ne5 Qb7 21. Bd3 Ra8 22. Bf4 f5 23. Nf3 Bd8 24. Re1 Nb3 25. Rc2 Bb6 26. Qe5 Rac8 27. Rxc8 Rxc8 28. Qe2 Ra8 29. Qe3 Qc6 30. Be5 Qd7 31. Ng5 Na5 32. h4 Nc6 33. Rc1 Nxe5 34. Qxe5 h6 35. Nh3 Rc8 36. Re1 a5 37. Bb5 Qc7 38. Qe3 Qd6 39. Bd3 Ba2 40. Nf4 Bxd4 41. Qd2 Be5 42. Ng6 Bf6 43. Qe2 Qd4 44. Rd1 Bb3 45. Rd2 Rd8 46. h5 Qg4 47. Qe3 Bd4 48. Be2 Qe4 49. Qxe4 fxe4 50. Kf1 Bf6 51. Rxd8+ Bxd8 52. Ne5 Bxa4 53. Bc4 Kf8 54. Bxe6 Bf6 55. Ng6+ Ke8 56. b3 Bb5+ 57. Ke1 Bc3+ 58. Kd1 Bd4 59. Bd5 Bxf2 60. Bxe4 Bd4 61. Bd5 Kd7 62. Nh4 Kd6 63. Bg8 Bd7 64. Bf7 Bf6 65. Nf3 Bc6 66. Bg6 Bd5 67. Kc2 Bc3 68. Bf5 Ke7 69. Bg6 Kf6 70. Bd3 Bf7 71. g4 Be6 0-1